000 00941nam a2200193 a 4500
008 120416s1970 ||||||||||||||||| || u
050 _aHD 82 Mei
100 _aMeier, Gerald M
245 1 0 _aLeading issues in economic development: studies in international poverty. (2nd ed.)
250 _a2nd ed.
260 _aLondon:
_bOxford University Press
_c1970
300 _a[xix], 758p.
350 _a0.00
650 0 _aECONOMIC DEVELOPMENT--AFRICA, SUB-SAHARAN
650 0 _aECONOMICS
995 _aMAIN LIBRARY OPEN ACCESS
_D0.00
_e135281
_FCBU-MAIN LIBRARY (Kitwe)
_H2
_I0.00
_jHD 82 Mei
_M1
_UAVAILABLE
_y003905
_ZMain Library Open Access Collection
995 _aBINDERY (DAMAGED)
_D0.00
_e135279
_FCBU-MAIN LIBRARY (Kitwe)
_H1
_I0.00
_jHD 82 Mei
_M2
_UDAMAGED
_y135279
_ZMain Library Open Access Collection
995 _aBINDERY (DAMAGED)
_D0.00
_e135277
_FCBU-MAIN LIBRARY (Kitwe)
_H3
_I0.00
_jHD 82 Mei
_M3
_UDAMAGED
_y135277
_ZMain Library Open Access Collection
999 _c80647
_d80647